El madrileño Santiago de Vera, sexto gobernador de las Islas Filipinas (Record no. 104793)

MARC details
000 -LEADER
campo de control de longitud fija 00654nam a2200169 i 4500
001 - NÚMERO DE CONTROL
campo de control 104793
003 - IDENTIFICADOR DE NÚMERO DE CONTROL
campo de control ES-MaACL
005 - FECHA Y HORA DE LA ÚLTIMA TRANSACCIÓN
campo de control 20230906183704.0
007 - CAMPO FIJO DE DESCRIPCIÓN FÍSICA--INFORMACIÓN GENERAL
campo de control de longitud fija t|
008 - DATOS DE LONGITUD FIJA--INFORMACIÓN GENERAL
campo de control de longitud fija 051212s1950 sp ||||1| spa d
100 1# - ENTRADA PRINCIPAL--NOMBRE DE PERSONA
Nombre de persona Miralles de Imperial y Gómez, Claudio.
9 (RLIN) 81499
245 13 - MENCIÓN DEL TÍTULO
Título El madrileño Santiago de Vera, sexto gobernador de las Islas Filipinas
Resto del título : estudio genealógico biográfico /
Mención de responsabilidad, etc. por Claudio Miralles de Imperial y Gómez.
260 ## - PUBLICACIÓN, DISTRIBUCIÓN, ETC.
Lugar de publicación, distribución, etc. Madrid :
Nombre del editor, distribuidor, etc. [s.n.],
Fecha de publicación, distribución, etc. 1950.
300 ## - DESCRIPCIÓN FÍSICA
Extensión 19 p. ;
Dimensiones 25 cm.
500 ## - NOTA GENERAL
Nota general Es separata de la Rev. Archivos, Bibliotecas y Museos. T.- LVI. Año 1950.pág. 557-575.
852 ## - LOCALIZACIÓN
Ubicación ES-MaACL
Número de control de estantería 1926-F-4
Sublocalización o colección R.30940
Holdings
Estatus retirado Estado de pérdida Estado de daño No para préstamo Colección Biblioteca de origen Biblioteca actual Ubicación en estantería Fecha de adquisición Fuente de adquisición Total de préstamos Signatura topográfica completa Código de barras Visto por última vez Precio de reemplazo Tipo de ítem Koha
        Colección de folletos Biblioteca del Ateneo de Madrid Biblioteca del Ateneo de Madrid Depósito folletos 17/01/2008     1926-F-4 1109407 23/02/2023 23/02/2023 Folleto